Sports Quiz

Random Sports or Baseball Quiz

22 Baseball Players who wore jersey #48 Quiz Stats

 Plays Quiz not verified by Sporcle

Score 0/22 Timer 05:00
0 Plays Today
% Correct
Torii Hunter
90.9%
Pablo Sandoval
50%
Ramon Martinez
42%
Travis Hafner
36.4%
Rick Reuschel
35.2%
Colby Lewis
21.6%
Russ Ortiz
18.2%
Jose DeLeon
18.2%
Sam McDowell
17%
Ralph Garr
15.9%
Scott Williamson
14.8%
% Correct
Mike Caldwell
12.5%
Mark Davis
11.4%
Ross Grimsley
11.4%
Tony Fossas
11.4%
Paul Quantrill
10.2%
Ted Power
10.2%
Andy Pafko
9.1%
Jim Colborn
9.1%
Vern Ruhle
9.1%
Dennis Powell
6.8%
Ed Glynn
4.5%

You're not logged in!

Compare scores with friends on all Sporcle quizzes.
OR
Log In

Show Comments

Extras

Created Jan 30, 2017ReportNominate
Tags:Baseball Quiz, jersey, player, wore

Top Quizzes Today


Score Distribution

Your Account Isn't Verified!

In order to create a playlist on Sporcle, you need to verify the email address you used during registration. Go to your Sporcle Settings to finish the process.

Report this User

Report this user for behavior that violates our Community Guidelines.

Details: